Score 0/20 Timer 02:00
0 Plays Today
Company Missing Word % Correct
Wal-___ StoresMart
99.3%
___ DepotHome
91%
___ BuyBest
88.9%
Wells ___Fargo
88.4%
Bank of ___ Corp.America
88.1%
___ ElectricGeneral
84.5%
Hewlett-___Packard
82.1%
Exxon ___Mobil
80.7%
___ & GambleProcter
77.9%
J. P. ___ Chase & Co.Morgan
75.8%
Company Missing Word % Correct
State ___ Insurance Cos.Farm
75.8%
United Parcel ___Service
73.4%
General ___Motors
72.7%
___ Sachs GroupGoldman
55.9%
Lockheed ___Martin
49.6%
International ___ MachinesBusiness
36.4%
Dow ___Chemical
23.3%
___ HathawayBerkshire
23%
American International ___Group
21.6%
___ Daniels MidlandArcher
10%

Today's Daily Dose

Missing Word
'Song' Songs (A-Z)

Word Ladder
Nervous System

Get the Picture
NFL Bird Teams

Remove Ads.
Support Sporcle.
Get the best of Sporcle when you Go Orange. This ad-free experience offers more features, more stats, and more fun while also helping to support Sporcle. Thank you for becoming a member.

You're not logged in!

Compare scores with friends on all Sporcle quizzes.
OR
Log In

Sporcle TV

Today on Sporcle TV


Watch our educational content, quiz creation guides, and fun videos on Sporcle TV.

Show Comments

Extras

Top Quizzes Today


Score Distribution

Paid Content

Your Account Isn't Verified!

In order to create a playlist on Sporcle, you need to verify the email address you used during registration. Go to your Sporcle Settings to finish the process.

Report this User

Report this user for behavior that violates our Community Guidelines.

Details: